Encuentro latinoamericano (Record no. 1637)
[ view plain ]
| 000 -CABECERA | |
|---|---|
| campo de control de longitud fija | 00701nam a2200193 a 4500 |
| 001 - NÚMERO DE CONTROL | |
| campo de control | BRCA_1859 |
| 005 - FECHA Y HORA DE LA ÚLTIMA TRANSACCIÓN | |
| campo de control | 20190320203559.0 |
| 008 - DATOS DE LONGITUD FIJA--INFORMACIÓN GENERAL | |
| campo de control de longitud fija | 060608s2000----pe-a---###---#000-0#spa-# |
| 050 #4 - SIGNATURA TOPOGRÁFICA DE LA BIBLIOTECA DEL CONGRESO | |
| Número de clasificación | AM2 |
| Número de documento/Ítem | .E53 2000 |
| 245 10 - MENCIÓN DE TÍTULO | |
| Título | Encuentro latinoamericano |
| Resto del título | museos, patrimonio y turismo cultural |
| Mención de responsabilidad, etc. | edición Elisa Sarmiento Pastrana. |
| 260 ## - PUBLICACIÓN, DISTRIBUCIÓN, ETC. | |
| Lugar de publicación, distribución, etc. | Perú |
| Nombre del editor, distribuidor, etc. | Comité peruano del ICOM |
| Fecha de publicación, distribución, etc. | 2000 |
| 300 ## - DESCRIPCIÓN FÍSICA | |
| Extensión | 223 p. |
| Otras características físicas | il. |
| Dimensiones | 24 cm. |
| 500 ## - NOTA GENERAL | |
| Nota general | Memorias del encuentro realizada en Trujillo, Perú, 21, 22 y 23 mayo, 2000 |
| 650 14 - PUNTO DE ACCESO ADICIONAL DE MATERIA--TÉRMINO DE MATERIA | |
| Término de materia o nombre geográfico como elemento de entrada | Museos |
| Subdivisión de forma | Congresos |
| 9 (RLIN) | 5765 |
| 650 14 - PUNTO DE ACCESO ADICIONAL DE MATERIA--TÉRMINO DE MATERIA | |
| Término de materia o nombre geográfico como elemento de entrada | Patrimonio cultural |
| Subdivisión de forma | Congresos |
| 9 (RLIN) | 5766 |
| 650 14 - PUNTO DE ACCESO ADICIONAL DE MATERIA--TÉRMINO DE MATERIA | |
| Término de materia o nombre geográfico como elemento de entrada | Turismo cultural |
| Subdivisión de forma | Congresos |
| 9 (RLIN) | 5767 |
| 700 1# - PUNTO DE ACCESO ADICIONAL--NOMBRE DE PERSONA | |
| Nombre de persona | Sarmiento Pastrana, Elisa |
| 9 (RLIN) | 5768 |
| 942 ## - ELEMENTOS DE PUNTO DE ACCESO ADICIONAL (KOHA) | |
| Fuente del sistema de clasificación o colocación | Library of Congress Classification |
| Tipo de ítem Koha | Libros |
| Estado de retiro | Estado de pérdida | Estado dañado | No para préstamo | Localización permanente | Ubicación/localización actual | Fecha de adquisición | Total de préstamos | Signatura topográfica completa | Código de barras | Fecha visto por última vez | Precio válido a partir de | Tipo de ítem Koha |
|---|---|---|---|---|---|---|---|---|---|---|---|---|
| El ejemplar forma parte de la colección y puede ser consultado según las políticas vigentes. | Biblioteca del Museo Franz Mayer (Rogerio Casas-Alatriste) | Biblioteca del Museo Franz Mayer (Rogerio Casas-Alatriste) | 30/07/2008 | AM2 .E53 2000 | 00175 | 22/03/2019 | 22/03/2019 | Libros |